[Event "OPEN B - XVII MIEDZYNARODOWY FESTIWAL S"]
[Site "GOLD CHESS Open  - Rewal"]
[Date "2012.??.??"]
[Round "4.2"]
[White "Budzinski, Jan"]
[Black "Malec, Sebastian"]
[Result "1-0"]
[WhiteElo "1913"]
[BlackElo "2093"]
[PlyCount "53"]
[EventDate "2012.??.??"]

1. e4 e6 2. d4 d5 3. exd5 exd5 4. Bd3 Nc6 5. c3 Bd6 6. Ne2 Qh4 7. Ng3 g6 8. O-O
f5 9. Qe2+ Kf7 10. f4 Nf6 11. Nh1 Re8 12. Qc2 Ng4 13. g3 Qh6 14. Qg2 Be6 15. h3
Nf6 16. Nd2 Ne4 17. Nf3 Ke7 18. Ne5 Qg7 19. Bxe4 dxe4 20. Rd1 Rad8 21. Be3 Bxe5
22. dxe5 Rxd1+ 23. Rxd1 Bxa2 24. g4 Qg8 25. Qg3 Be6 26. Qh4+ Kf7 27. Qf6# 1-0

[Event "OPEN B - XVII MIEDZYNARODOWY FESTIWAL S"]
[Site "GOLD CHESS Open  - Rewal"]
[Date "2012.??.??"]
[Round "4.4"]
[White "Reza, Wojciech"]
[Black "Malinowski, Damian"]
[Result "1-0"]
[WhiteElo "2090"]
[BlackElo "1827"]
[PlyCount "83"]
[EventDate "2012.??.??"]

1. c4 Nf6 2. Nc3 c5 3. Nf3 Nc6 4. d4 cxd4 5. Nxd4 d6 6. e4 g6 7. Be2 Bg7 8. Be3
O-O 9. O-O a6 10. Rc1 Ne8 11. Nxc6 bxc6 12. c5 Nc7 13. cxd6 exd6 14. Qd2 Qe7
15. Rfd1 d5 16. Bf3 dxe4 17. Nxe4 Ne6 18. Bb6 Rb8 19. Rxc6 Bb7 20. Rd6 Bxe4 21.
Bxe4 Be5 22. Rd5 Bxh2+ 23. Kxh2 Rxb6 24. Bf3 Rfb8 25. b3 h5 26. Qe3 Rb5 27. Qe5
Qc7 28. Qxc7 Nxc7 29. Rd7 Ne6 30. Ra7 R5b6 31. Rdd7 Nd8 32. Bd5 Rf6 33. f3 g5
34. Bc4 h4 35. Rxa6 Rxa6 36. Bxa6 Ra8 37. Bc4 Ne6 38. Bxe6 fxe6 39. Rd2 Kf7 40.
b4 Rb8 41. Rb2 Ke7 42. Kh3 1-0

[Event "OPEN B - XVII MIEDZYNARODOWY FESTIWAL S"]
[Site "GOLD CHESS Open  - Rewal"]
[Date "2012.??.??"]
[Round "4.5"]
[White "Ziaja, Krystian"]
[Black "Rak, Tomasz"]
[Result "1-0"]
[WhiteElo "1822"]
[BlackElo "2066"]
[PlyCount "87"]
[EventDate "2012.??.??"]

1. e4 c6 2. d4 d5 3. exd5 cxd5 4. Nf3 Nc6 5. c3 Nf6 6. Bd3 Bg4 7. h3 Bh5 8. O-O
e6 9. Bf4 Bd6 10. Bxd6 Qxd6 11. Nbd2 O-O 12. Re1 Rae8 13. Re5 Bg6 14. Bxg6 fxg6
15. Re3 Nh5 16. c4 Qf4 17. cxd5 Nxd4 18. dxe6 Qf6 19. Qa4 Nxe6 20. Rae1 Nhf4
21. Qc4 Kh8 22. Ne4 Qxb2 23. Nd6 b5 24. Qc6 Re7 25. Nxb5 Qxa2 26. Qd6 Ree8 27.
Qd7 h6 28. Nd6 Qd5 29. Re5 Qd3 30. Rxe6 Rxe6 31. Rxe6 Nxh3+ 32. Kh2 Nxf2 33.
Re8 Rxe8 34. Qxe8+ Kh7 35. Nf7 Ng4+ 36. Kg3 g5 37. Kxg4 Qc4+ 38. Kg3 Qf4+ 39.
Kf2 g4 40. Qh8+ Kg6 41. N7e5+ Kf5 42. Qc8+ Ke4 43. Qc6+ Kf5 44. Qg6# 1-0

[Event "OPEN B - XVII MIEDZYNARODOWY FESTIWAL S"]
[Site "GOLD CHESS Open  - Rewal"]
[Date "2012.??.??"]
[Round "4.6"]
[White "Misztal, Piotr"]
[Black "Widla, Piotr"]
[Result "1/2-1/2"]
[WhiteElo "1778"]
[BlackElo "1961"]
[PlyCount "57"]
[EventDate "2012.??.??"]

1. e4 c5 2. Nf3 e6 3. d4 cxd4 4. Nxd4 a6 5. Bd3 b5 6. O-O Bb7 7. Be3 d6 8. Nd2
Nf6 9. c3 Be7 10. a4 bxa4 11. Qxa4+ Qd7 12. f3 O-O 13. Nc4 Qxa4 14. Rxa4 Nbd7
15. Nb3 d5 16. Nca5 dxe4 17. fxe4 Ne5 18. Bc2 Bc6 19. Nxc6 Nxc6 20. Rfa1 Rac8
21. Bc5 Bxc5+ 22. Nxc5 a5 23. Nb3 Rb8 24. R1a2 Rfc8 25. Nd4 Ne5 26. Rxa5 Nc4
27. Rb5 Rxb5 28. Nxb5 g6 29. Bd3 1/2-1/2

[Event "OPEN B - XVII MIEDZYNARODOWY FESTIWAL S"]
[Site "GOLD CHESS Open  - Rewal"]
[Date "2012.??.??"]
[Round "4.7"]
[White "Jewulski, Krzysztof"]
[Black "Sroka, Janusz"]
[Result "0-1"]
[WhiteElo "1950"]
[BlackElo "2109"]
[PlyCount "134"]
[EventDate "2012.??.??"]

1. d4 Nf6 2. c4 g6 3. Nc3 Bg7 4. Nf3 d6 5. g3 O-O 6. Bg2 Nc6 7. O-O a6 8. b3
Re8 9. Bb2 Rb8 10. d5 Na5 11. Qd3 c5 12. dxc6 bxc6 13. Rfd1 Bf5 14. Qd2 Qc7 15.
Nd4 Bd7 16. e4 Red8 17. Rac1 Ng4 18. Na4 c5 19. Nf3 Bxa4 20. Bxg7 Kxg7 21. bxa4
Nf6 22. e5 dxe5 23. Qc3 Nc6 24. Re1 e4 25. Ng5 Nb4 26. Re2 Kg8 27. Nxe4 Nxe4
28. Bxe4 Rd4 29. Qe3 e6 30. a3 Nc6 31. Qg5 Qe7 32. Qe3 Na5 33. Rec2 Rbd8 34.
Rc3 Qd7 35. Bf3 Qd6 36. Be2 Rb8 37. Kg2 Kg7 38. h4 h6 39. Bf3 Rb2 40. Be2 Rdd2
41. Rd3 Qc6+ 42. Bf3 Rxf2+ 43. Kg1 Qc7 44. Qxf2 Rxf2 45. Kxf2 Qe5 46. Rcc3 g5
47. hxg5 hxg5 48. Re3 Qd4 49. Be2 Nc6 50. Ke1 Qd6 51. Rcd3 Nd4 52. Kd2 Qb6 53.
Bf3 Qb2+ 54. Kd1 Qc2+ 55. Ke1 Qxc4 56. Kf2 f5 57. Rc3 Qa2+ 58. Be2 Kf6 59. Rxc5
f4 60. gxf4 gxf4 61. Re4 e5 62. Rcxe5 f3 63. Ra5 Nxe2 64. Kxf3 Ng1+ 65. Kf4
Qd2+ 66. Kg4 Qg2+ 67. Kf4 Qf3# 0-1

[Event "OPEN B - XVII MIEDZYNARODOWY FESTIWAL S"]
[Site "GOLD CHESS Open  - Rewal"]
[Date "2012.??.??"]
[Round "4.8"]
[White "Obiedzinski, Piotr"]
[Black "Swiatloch, Tomasz"]
[Result "0-1"]
[WhiteElo "1913"]
[BlackElo "2099"]
[PlyCount "104"]
[EventDate "2012.??.??"]

1. d4 c5 2. d5 e6 3. e4 d6 4. Nc3 Nf6 5. Be2 Be7 6. Nf3 O-O 7. O-O exd5 8. exd5
Bf5 9. Nd2 Na6 10. Nc4 Nc7 11. a4 Re8 12. Bd3 Qd7 13. Bxf5 Qxf5 14. Ne3 Qd7 15.
Qd3 Bf8 16. b3 g6 17. Bb2 Bg7 18. Rad1 Nh5 19. Ba1 f5 20. Nc4 Re7 21. Na2 Bxa1
22. Rxa1 Nf4 23. Qf3 Ncxd5 24. g3 Ne2+ 25. Kg2 Nf6 26. c3 d5 27. Ne3 d4 28.
Qxe2 dxe3 29. fxe3 Rae8 30. Qc4+ Qd5+ 31. Qxd5+ Nxd5 32. Rf2 Nxe3+ 33. Kg1 Kf7
34. c4 Ng4 35. Rd2 Re1+ 36. Rxe1 Rxe1+ 37. Kg2 Re3 38. Rd7+ Ke6 39. Rd2 Rxb3
40. Nc1 Rc3 41. Nd3 Rxc4 42. Nf4+ Ke7 43. Nd5+ Kf7 44. Re2 Re4 45. Rb2 b6 46.
a5 Ne3+ 47. Nxe3 Rxe3 48. axb6 axb6 49. Rxb6 Re2+ 50. Kh3 h6 51. Rc6 Rc2 52. g4
Rc3+ 0-1

[Event "OPEN B - XVII MIEDZYNARODOWY FESTIWAL S"]
[Site "GOLD CHESS Open  - Rewal"]
[Date "2012.??.??"]
[Round "4.9"]
[White "Gawiec, Konrad"]
[Black "Grochulski, Grzegorz"]
[Result "0-1"]
[WhiteElo "1911"]
[BlackElo "2095"]
[PlyCount "48"]
[EventDate "2012.??.??"]

1. e4 e6 2. d3 d5 3. Nd2 Nf6 4. g3 c5 5. Bg2 Nc6 6. Ne2 Be7 7. O-O b5 8. h3 Bb7
9. f4 Qb6 10. Kh2 dxe4 11. dxe4 O-O-O 12. c3 h5 13. Qc2 Ng4+ 14. hxg4 hxg4+ 15.
Kg1 c4+ 16. Rf2 Bc5 17. Nd4 Rxd4 18. cxd4 Nxd4 19. Qd1 Nf3+ 20. Bxf3 Bxf2+ 21.
Kg2 gxf3+ 22. Qxf3 f5 23. a4 Bg1 24. a5 Qd4 0-1

[Event "OPEN B - XVII MIEDZYNARODOWY FESTIWAL S"]
[Site "GOLD CHESS Open  - Rewal"]
[Date "2012.??.??"]
[Round "4.10"]
[White "Kuspak, Aleksander"]
[Black "Obiedzinski, Pawel"]
[Result "1-0"]
[WhiteElo "1866"]
[BlackElo "2040"]
[PlyCount "85"]
[EventDate "2012.??.??"]

1. e4 c6 2. d4 d5 3. e5 c5 4. c3 Nc6 5. Nf3 Bg4 6. Bb5 e6 7. h3 Bxf3 8. Qxf3
Qb6 9. Bxc6+ bxc6 10. dxc5 Bxc5 11. O-O Qb8 12. Qg3 Ne7 13. Nd2 O-O 14. Nf3 f6
15. Qg4 Nf5 16. exf6 Rxf6 17. Qa4 e5 18. Qc2 Ng3 19. Re1 Ne4 20. Be3 Bd6 21.
Rad1 Qc8 22. c4 Qe6 23. cxd5 cxd5 24. Qc6 Rb8 25. Qxd5 Qxd5 26. Rxd5 Rxb2 27.
Bxa7 Rxa2 28. Be3 Nc3 29. Rd2 Ra8 30. Rc1 Nb5 31. Rd5 Nc7 32. Rxd6 Rxd6 33.
Rxc7 Re6 34. Ng5 Rd6 35. Re7 Rd5 36. Ne6 g6 37. Kh2 Rc8 38. Rg7+ Kh8 39. Bh6
Rg8 40. Ra7 Rc8 41. Ng5 Rcc5 42. Rxh7+ Kg8 43. Rg7+ 1-0

[Event "OPEN B - XVII MIEDZYNARODOWY FESTIWAL S"]
[Site "GOLD CHESS Open  - Rewal"]
[Date "2012.??.??"]
[Round "4.11"]
[White "Kalmuk, Krzysztof"]
[Black "Steppuhn, Thomas"]
[Result "1/2-1/2"]
[WhiteElo "1857"]
[BlackElo "2039"]
[PlyCount "113"]
[EventDate "2012.??.??"]

1. d4 e6 2. Nf3 b6 3. c4 Bb7 4. g3 f5 5. Bg2 Nf6 6. Nc3 Bb4 7. O-O Bxc3 8. bxc3
O-O 9. Qb3 Nc6 10. Rd1 Qe7 11. Ba3 d6 12. c5 Na5 13. Qb4 Nd5 14. cxd6 Qf6 15.
Qb2 Nc4 16. Qb3 Nxd6 17. Ne5 Rab8 18. Nd7 Qf7 19. Nxf8 Kxf8 20. c4 Ne7 21. Bxb7
Rxb7 22. Bxd6 cxd6 23. c5 dxc5 24. dxc5 Nd5 25. cxb6 axb6 26. Rac1 g6 27. Rc8+
Kg7 28. Qb2+ Qf6 29. Qb5 Nc3 30. Rd7+ Kh6 31. Qd3 Nxe2+ 32. Kf1 Rxd7 33. Qxd7
Qd4 34. Qxd4 Nxd4 35. Rd8 e5 36. f4 Nf3 37. Kg2 e4 38. a4 Ne1+ 39. Kf1 Nd3 40.
Ke2 Nc5 41. Rd4 Kh5 42. Rc4 Nd3 43. h3 g5 44. fxg5 Kxg5 45. Rd4 h5 46. Ke3 Nc5
47. Rc4 Nd3 48. Rc6 Nb2 49. h4+ Kg4 50. Rg6+ Kh3 51. Kf4 Nxa4 52. Rg5 Nc3 53.
Ke3 b5 54. Rxh5 Kxg3 55. Rxf5 Kxh4 56. Rxb5 Nxb5 57. Kxe4 1/2-1/2

[Event "OPEN B - XVII MIEDZYNARODOWY FESTIWAL S"]
[Site "GOLD CHESS Open  - Rewal"]
[Date "2012.??.??"]
[Round "4.12"]
[White "Czernicki, Bogdan"]
[Black "Zurkowski, Andrzej"]
[Result "0-1"]
[WhiteElo "1850"]
[BlackElo "2017"]
[PlyCount "116"]
[EventDate "2012.??.??"]

1. d4 c5 2. d5 e5 3. c4 d6 4. Nc3 Be7 5. g3 Bg5 6. e3 g6 7. Bg2 Nf6 8. f4 exf4
9. exf4 Bh6 10. Nf3 O-O 11. O-O Bg7 12. h3 Na6 13. Kh2 Nc7 14. a4 Rb8 15. Re1
b6 16. Bd2 a6 17. Ra2 Bd7 18. Ng5 b5 19. axb5 axb5 20. b3 bxc4 21. bxc4 Rb4 22.
Bf1 h6 23. Nge4 Rb6 24. Qc1 Nxe4 25. Nxe4 f5 26. Ba5 Ra6 27. Nc3 Rxa5 28. Rxa5
Nxd5 29. Ra3 Nxc3 30. Rxc3 Bxc3 31. Qxc3 Qf6 32. Qd3 Rb8 33. Qd5+ Kg7 34. Rd1
Rb6 35. Bg2 Be6 36. Qd3 Qb2 37. Re1 Bf7 38. Re7 Kf8 39. Rd7 Qd4 40. Qe2 Qf6 41.
Qa2 Rb2 42. Qa8+ Kg7 43. Qe8 g5 44. Qe3 Kg6 45. fxg5 hxg5 46. Qd3 Rb6 47. g4
Qe5+ 48. Kh1 Be6 49. Re7 Kf6 50. Re8 Qf4 51. gxf5 Bxc4 52. Qc3+ Qd4 53. Qe1 Bd5
54. Qe7+ Kxf5 55. Qh7+ Kf4 56. Rf8+ Kg3 57. Rf3+ Bxf3 58. Bxf3 Qf2 0-1

[Event "OPEN B - XVII MIEDZYNARODOWY FESTIWAL S"]
[Site "GOLD CHESS Open  - Rewal"]
[Date "2012.??.??"]
[Round "4.13"]
[White "Warchol, Maria"]
[Black "Gora, Jan"]
[Result "0-1"]
[WhiteElo "1841"]
[BlackElo "1975"]
[PlyCount "84"]
[EventDate "2012.??.??"]

1. e4 c5 2. Nf3 Nc6 3. d4 cxd4 4. Nxd4 g6 5. c4 Nf6 6. Nc3 d6 7. f3 Bg7 8. Be3
O-O 9. Be2 Nxd4 10. Bxd4 Be6 11. Qd2 Qa5 12. O-O Rfc8 13. b3 a6 14. Rfc1 b5 15.
cxb5 axb5 16. Bxb5 Rxc3 17. Rxc3 Qxb5 18. Qe3 Qb4 19. Rd3 Nd7 20. Bxg7 Kxg7 21.
Rd4 Qb6 22. Qc3 Qc5 23. Qxc5 Nxc5 24. Rdd1 Na6 25. Rdb1 Nb4 26. a3 Nc2 27. Ra2
Nd4 28. Rab2 Rxa3 29. b4 Nb5 30. Rc1 f5 31. e5 Re3 32. exd6 exd6 33. Rc6 Kf7
34. Kf2 f4 35. Rb1 d5 36. Rc5 Na3 37. Rb2 Nc4 38. Rb1 d4 39. Rc1 Rc3 40. Rc7+
Kf6 41. Re1 Rc2+ 42. Kg1 d3 0-1

[Event "OPEN B - XVII MIEDZYNARODOWY FESTIWAL S"]
[Site "GOLD CHESS Open  - Rewal"]
[Date "2012.??.??"]
[Round "4.14"]
[White "Czepczynski, Boguslaw"]
[Black "Nun, Grzegorz"]
[Result "1/2-1/2"]
[WhiteElo "1971"]
[BlackElo "1726"]
[PlyCount "96"]
[EventDate "2012.??.??"]

1. c4 c5 2. Nc3 Nc6 3. Nf3 g6 4. d4 cxd4 5. Nxd4 Bg7 6. e3 Nf6 7. g3 d6 8. Bg2
Bd7 9. O-O O-O 10. b3 Qc8 11. Bb2 Bh3 12. Nxc6 bxc6 13. Qf3 Bxg2 14. Kxg2 Nd7
15. Rfd1 Rb8 16. Na4 Ne5 17. Bxe5 Bxe5 18. Rab1 Qa6 19. Qe4 Bf6 20. h4 Qb7 21.
c5 d5 22. Qf3 Qb4 23. Qe2 Bg7 24. Rbc1 Rb5 25. Rc2 e5 26. e4 d4 27. Rc4 Qa5 28.
Qd3 h5 29. f4 exf4 30. gxf4 Qd8 31. Rh1 Qd7 32. Qf3 d3 33. Rd1 d2 34. e5 Qe7
35. Rxd2 Qxh4 36. Qxc6 Rbb8 37. Qf3 Rbd8 38. Rd6 Qe1 39. Rcd4 Rc8 40. c6 Qc1
41. Qc3 Qb1 42. Qb2 Qf5 43. Qc3 Rfe8 44. Nc5 g5 45. Qd3 Qg4+ 46. Qg3 Qe2+ 47.
Qf2 Qg4+ 48. Qg3 Qe2+ 1/2-1/2

[Event "OPEN B - XVII MIEDZYNARODOWY FESTIWAL S"]
[Site "GOLD CHESS Open  - Rewal"]
[Date "2012.??.??"]
[Round "4.15"]
[White "Birkenmaier, Rainer"]
[Black "Duszenko, Michal"]
[Result "1/2-1/2"]
[WhiteElo "2099"]
[BlackElo "1852"]
[PlyCount "43"]
[EventDate "2012.??.??"]

1. d4 Nf6 2. Nf3 g6 3. c4 c5 4. Nc3 cxd4 5. Nxd4 d5 6. e3 dxc4 7. Bxc4 Bg7 8.
O-O O-O 9. b3 Bd7 10. Bb2 Nc6 11. Nd5 Nxd5 12. Bxd5 Rc8 13. Bxc6 Bxc6 14. Rc1
Qb6 15. Nxc6 Rxc6 16. Rxc6 bxc6 17. Bxg7 Kxg7 18. Qd7 Qa5 19. Qxc6 Qxa2 20.
Qc3+ f6 21. g3 Rb8 22. Ra1 1/2-1/2

[Event "OPEN B - XVII MIEDZYNARODOWY FESTIWAL S"]
[Site "GOLD CHESS Open  - Rewal"]
[Date "2012.??.??"]
[Round "4.16"]
[White "Trepkowski, Piotr"]
[Black "Nikitin, Aleksander I"]
[Result "0-1"]
[WhiteElo "1786"]
[BlackElo "2094"]
[PlyCount "60"]
[EventDate "2012.??.??"]

1. e4 Nf6 2. e5 Nd5 3. Nc3 Nxc3 4. dxc3 d5 5. Nf3 c5 6. Bf4 Nc6 7. Bb5 Qb6 8.
Qe2 Bg4 9. O-O e6 10. Rab1 Be7 11. b4 cxb4 12. cxb4 O-O 13. Bxc6 Qxc6 14. Qd3
Bxf3 15. gxf3 Rfc8 16. Rfc1 b5 17. c3 Qb7 18. Be3 Rc4 19. Bd4 Rac8 20. Kf1 Bxb4
21. Rb3 Bc5 22. Rcb1 a6 23. Ke2 Qe7 24. Rg1 Bxd4 25. cxd4 Rc2+ 26. Ke3 Qh4 27.
Rg2 Qh6+ 28. f4 Qh3+ 29. Rg3 Qxh2 30. Qf1 R8c3+ 0-1

[Event "OPEN B - XVII MIEDZYNARODOWY FESTIWAL S"]
[Site "GOLD CHESS Open  - Rewal"]
[Date "2012.??.??"]
[Round "4.17"]
[White "Zminda, Bogdan"]
[Black "Lewtak, Dominik"]
[Result "1/2-1/2"]
[WhiteElo "2087"]
[BlackElo "1776"]
[PlyCount "51"]
[EventDate "2012.??.??"]

1. e4 c5 2. Nf3 Nf6 3. e5 Nd5 4. Nc3 e6 5. Nxd5 exd5 6. d4 d6 7. Bb5+ Nc6 8.
O-O Be7 9. Bf4 O-O 10. Bxc6 bxc6 11. exd6 Bxd6 12. Bxd6 Qxd6 13. c3 Rb8 14. b3
Bg4 15. dxc5 Qxc5 16. Qd4 Qxd4 17. Nxd4 c5 18. Nc6 Rb7 19. f3 Be6 20. b4 cxb4
21. cxb4 Rc8 22. Rfc1 Rbc7 23. b5 Kf8 24. Rc5 a6 25. a4 Bd7 26. Rxd5 1/2-1/2

[Event "OPEN B - XVII MIEDZYNARODOWY FESTIWAL S"]
[Site "GOLD CHESS Open  - Rewal"]
[Date "2012.??.??"]
[Round "4.18"]
[White "Hasanov, Sahib"]
[Black "Sowa, Martyna"]
[Result "1-0"]
[WhiteElo "2068"]
[BlackElo "1765"]
[PlyCount "93"]
[EventDate "2012.??.??"]

1. d4 Nf6 2. Bf4 g6 3. e3 Bg7 4. Nf3 O-O 5. Be2 d5 6. O-O Nbd7 7. c4 dxc4 8.
Bxc4 Nb6 9. Bb3 a5 10. Nc3 Bd7 11. Ne5 Nh5 12. Bg5 Bxe5 13. dxe5 a4 14. Nd5
Nxd5 15. Bxd5 c6 16. Bf3 Ng7 17. Qd2 Qe8 18. Rfd1 Be6 19. Qb4 f6 20. Bh6 Qf7
21. Rd2 Rfb8 22. Bxg7 Kxg7 23. exf6+ Qxf6 24. a3 Rc8 25. Rc1 Bd5 26. e4 Be6 27.
e5 Qg5 28. h4 c5 29. Qc3 Qh6 30. Bxb7 Rd8 31. Rxd8 Rxd8 32. Qxc5 Qxh4 33. Qb6
Qf4 34. Rf1 Rb8 35. Qc7 Qf8 36. Rd1 Kh8 37. Rd4 Bb3 38. e6 Re8 39. Qe5+ Qf6 40.
Qxf6+ exf6 41. Bc6 Rxe6 42. Bxa4 Re1+ 43. Kh2 Be6 44. Rd2 h5 45. Bb5 g5 46. Re2
Rxe2 47. Bxe2 1-0

[Event "OPEN B - XVII MIEDZYNARODOWY FESTIWAL S"]
[Site "GOLD CHESS Open  - Rewal"]
[Date "2012.??.??"]
[Round "4.19"]
[White "Nowak, Ryszard"]
[Black "Kopica, Paulina"]
[Result "1/2-1/2"]
[WhiteElo "2046"]
[BlackElo "1744"]
[PlyCount "89"]
[EventDate "2012.??.??"]

1. c4 f5 2. Nc3 Nf6 3. g3 e6 4. Bg2 d5 5. d4 c6 6. Nf3 Bd6 7. O-O O-O 8. Bf4
Bxf4 9. gxf4 Nbd7 10. Ne5 Ne4 11. Nxe4 fxe4 12. e3 Rf6 13. f3 exf3 14. Rxf3
Nxe5 15. fxe5 Rxf3 16. Qxf3 Bd7 17. Rf1 Qe7 18. c5 Be8 19. e4 dxe4 20. Qxe4 Bg6
21. Qf4 Bf5 22. b4 Rd8 23. Rf2 Bd3 24. a3 Bc4 25. Be4 Bd5 26. Bc2 h6 27. Qg4
Rf8 28. Rxf8+ Kxf8 29. Qf4+ Qf7 30. Qxf7+ Kxf7 31. Kf2 g5 32. Kg3 Kg7 33. Bd3
h5 34. a4 Bb3 35. a5 a6 36. Be2 h4+ 37. Kg4 Kh6 38. Bf3 Bc2 39. Be2 Bf5+ 40.
Kf3 Kg6 41. Ke3 Bh3 42. Kf2 Bf5 43. Ke3 Bh3 44. Kf2 Bf5 45. Ke3 1/2-1/2

[Event "OPEN B - XVII MIEDZYNARODOWY FESTIWAL S"]
[Site "GOLD CHESS Open  - Rewal"]
[Date "2012.??.??"]
[Round "4.20"]
[White "Jaskolka, Tomasz"]
[Black "Drela, Michal"]
[Result "1-0"]
[WhiteElo "2037"]
[BlackElo "1570"]
[PlyCount "83"]
[EventDate "2012.??.??"]

1. e4 d5 2. exd5 Qxd5 3. Nc3 Qa5 4. Nf3 Bf5 5. Bc4 e6 6. d3 c6 7. Bf4 Nf6 8.
O-O Be7 9. Qe2 O-O 10. Nd4 Bg4 11. f3 Bc5 12. Be3 Bh5 13. g4 Bg6 14. Kh1 Bxd4
15. Bxd4 Nbd7 16. f4 Rfe8 17. Ne4 Bxe4+ 18. dxe4 e5 19. Bc3 Qc5 20. b4 Qe7 21.
g5 exf4 22. gxf6 Qxe4+ 23. Qxe4 Rxe4 24. Bd3 Re3 25. fxg7 Nb6 26. Bd4 Rxd3 27.
cxd3 Nd5 28. Rac1 Nxb4 29. Rb1 Nc2 30. Bf6 Ne3 31. Rxf4 Nd5 32. Rf2 b6 33. Ba1
Re8 34. Rbf1 Re7 35. Rc1 Re6 36. Rf5 Rd6 37. Rxd5 Rxd5 38. Rxc6 Rd8 39. Bf6 Ra8
40. d4 h5 41. d5 h4 42. d6 1-0

[Event "OPEN B - XVII MIEDZYNARODOWY FESTIWAL S"]
[Site "GOLD CHESS Open  - Rewal"]
[Date "2012.??.??"]
[Round "4.21"]
[White "Niedbal, Piotr"]
[Black "Jablonska, Sabina"]
[Result "1/2-1/2"]
[WhiteElo "1693"]
[BlackElo "1979"]
[PlyCount "47"]
[EventDate "2012.??.??"]

1. e4 d5 2. exd5 Qxd5 3. Nc3 Qd6 4. Nf3 Nf6 5. d4 a6 6. g3 Bg4 7. Bg2 Nc6 8.
O-O g6 9. Bf4 Qd7 10. Qd2 Bxf3 11. Bxf3 Bg7 12. d5 Na7 13. Rad1 O-O 14. Bh6 Nc8
15. Bxg7 Kxg7 16. Rfe1 Nd6 17. Ne4 Nfxe4 18. Bxe4 Nxe4 19. Rxe4 Rad8 20. Rde1
Qxd5 21. Qxd5 Rxd5 22. Rxe7 Rc8 23. R1e3 Kf8 24. Kg2 1/2-1/2

[Event "OPEN B - XVII MIEDZYNARODOWY FESTIWAL S"]
[Site "GOLD CHESS Open  - Rewal"]
[Date "2012.??.??"]
[Round "4.22"]
[White "Lebiedowicz, Borys"]
[Black "Hasinski, Krystian"]
[Result "0-1"]
[WhiteElo "1730"]
[BlackElo "1925"]
[PlyCount "98"]
[EventDate "2012.??.??"]

1. e4 c6 2. Nc3 d5 3. Nf3 d4 4. Ne2 c5 5. c3 dxc3 6. bxc3 Nf6 7. Ng3 Nc6 8. Bb5
Bd7 9. O-O a6 10. Bxc6 Bxc6 11. Re1 e6 12. d4 cxd4 13. cxd4 Bb4 14. Bd2 Bxd2
15. Qxd2 O-O 16. Rab1 b5 17. Rec1 Qb6 18. Qg5 Rac8 19. Qe3 Bb7 20. Nd2 Qa5 21.
Nb3 Qb6 22. Nc5 Rc7 23. Nxb7 Rxb7 24. Rc2 b4 25. Ne2 a5 26. Rbc1 h6 27. f3 a4
28. Rb2 Rfb8 29. Qd2 Ne8 30. Qd1 Qa7 31. Kh1 Qa6 32. Rc5 Nd6 33. d5 exd5 34.
exd5 Rb6 35. Nd4 Re8 36. Rc6 Nc4 37. Re2 Rd8 38. Qd3 Rxc6 39. dxc6 Qxc6 40. Rc2
Ne5 41. Qe2 Qd5 42. Rd2 Nc4 43. Rd3 b3 44. axb3 axb3 45. Rxb3 Qxd4 46. Rb1 Ne3
47. g4 Qd1+ 48. Rxd1 Rxd1+ 49. Qxd1 Nxd1 0-1

[Event "OPEN B - XVII MIEDZYNARODOWY FESTIWAL S"]
[Site "GOLD CHESS Open  - Rewal"]
[Date "2012.??.??"]
[Round "4.23"]
[White "Murawko, Katarzyna"]
[Black "Poswiatowski, Stanislaw"]
[Result "1-0"]
[WhiteElo "1859"]
[BlackElo "1700"]
[PlyCount "55"]
[EventDate "2012.??.??"]

1. e4 e6 2. d4 d5 3. Nc3 dxe4 4. Nxe4 Bd7 5. Nf3 Bc6 6. Bd3 Nd7 7. O-O Ngf6 8.
Ng3 Be7 9. c3 O-O 10. b4 b6 11. b5 Bb7 12. Qe2 c5 13. bxc6 Bxc6 14. c4 Re8 15.
Bb2 Bb7 16. Rad1 Rc8 17. Ne5 Qc7 18. f4 Nxe5 19. fxe5 Nd7 20. Bxh7+ Kxh7 21.
Qh5+ Kg8 22. Qxf7+ Kh8 23. Nh5 Bf8 24. Rd3 Nxe5 25. dxe5 Bc5+ (25... Qxf7 26.
Rxf7 Be4 27. Rh3 Kg8 28. Rxa7 Ra8) 26. Bd4 Rf8 27. Nf6 Bxg2 28. Qh5# 1-0

[Event "OPEN B - XVII MIEDZYNARODOWY FESTIWAL S"]
[Site "GOLD CHESS Open  - Rewal"]
[Date "2012.??.??"]
[Round "4.24"]
[White "Kasianczuk, Krzysztof"]
[Black "Kaluzny, Wlodzimierz"]
[Result "0-1"]
[WhiteElo "1590"]
[BlackElo "2011"]
[PlyCount "104"]
[EventDate "2012.??.??"]

1. e4 e6 2. d4 d5 3. Nc3 dxe4 4. Nxe4 Nd7 5. Nf3 Ngf6 6. Bg5 Be7 7. Nxf6+ Nxf6
8. Qd2 Nd5 9. h4 h6 10. Bxe7 Qxe7 11. O-O-O Bd7 12. Bc4 Nb6 13. Bb3 O-O-O 14.
Ne5 Be8 15. Qe3 Nd5 16. Qd2 Nb4 17. Qe3 Nd5 18. Qd2 Kb8 19. c4 Nf6 20. f3 Nd7
21. Qe3 Nxe5 22. dxe5 Bc6 23. g3 a5 24. Rxd8+ Rxd8 25. Rd1 Rxd1+ 26. Bxd1 b6
27. a3 Kb7 28. Kd2 Qd8+ 29. Qd3 Qf8 30. f4 Qc5 31. Kc3 Qf2 32. Kb3 Qe1 33. Bf3
Qf2 34. Bxc6+ Kxc6 35. Kc3 Qe1+ 36. Kc2 a4 37. Qc3 Qxc3+ 38. Kxc3 Kc5 39. Kd3
h5 40. Kc3 c6 41. Kd3 b5 42. cxb5 cxb5 43. Kc3 g6 44. Kd3 b4 45. Kd2 Kc4 46.
Kc2 b3+ 47. Kd2 Kd4 48. Ke2 Ke4 49. Kd2 Kf3 50. Kc3 Kxg3 51. Kb4 Kxh4 52. Kxa4
Kg3 0-1

[Event "OPEN B - XVII MIEDZYNARODOWY FESTIWAL S"]
[Site "GOLD CHESS Open  - Rewal"]
[Date "2012.??.??"]
[Round "4.25"]
[White "Kowalczyk, Adam"]
[Black "Maliszewski, Jacek"]
[Result "1/2-1/2"]
[WhiteElo "1896"]
[BlackElo "1720"]
[PlyCount "84"]
[EventDate "2012.??.??"]

1. e4 c5 2. Nc3 e6 3. Nge2 a6 4. a4 b6 5. g3 Bb7 6. Bg2 f5 7. d3 Nc6 8. Nf4 Nf6
9. exf5 exf5 10. Ncd5 Be7 11. Qe2 Nd4 12. Nxf6+ Kf7 13. Qd1 Bxg2 14. Nxg2 Bxf6
15. O-O Re8 16. c3 Ne6 17. Qh5+ g6 18. Qxh7+ Bg7 19. Qh4 Bf6 20. Qc4 d5 21. Qb3
Rh8 22. Nf4 Nxf4 23. Bxf4 g5 24. Bd2 f4 25. f3 fxg3 26. hxg3 Qd7 27. Rf2 Qh3
28. Qxd5+ Kg7 29. f4 Rad8 30. Qg2 Rxd3 31. Qxh3 Rxh3 32. Rg2 Rhxg3 33. Rxg3
Rxg3+ 34. Kf2 gxf4 35. Bxf4 Rd3 36. Ke2 Rd7 37. Rd1 Rxd1 38. Kxd1 b5 39. Kc2
Be7 40. axb5 axb5 41. Kd3 Kf7 42. c4 b4 1/2-1/2

[Event "OPEN B - XVII MIEDZYNARODOWY FESTIWAL S"]
[Site "GOLD CHESS Open  - Rewal"]
[Date "2012.??.??"]
[Round "4.26"]
[White "Blaszkiewicz, Mateusz"]
[Black "Drabek, Jan"]
[Result "1-0"]
[WhiteElo "1879"]
[BlackElo "1698"]
[PlyCount "91"]
[EventDate "2012.??.??"]

1. e4 c5 2. Nf3 Nc6 3. d4 cxd4 4. Nxd4 g6 5. c4 Bg7 6. Be3 d6 7. Nc3 Nf6 8. Be2
O-O 9. O-O a5 10. f3 Bd7 11. b3 Qb6 12. Nc2 Qd8 13. Qd2 Nb4 14. Rac1 Qc7 15.
Nd4 Rfc8 16. a3 Na6 17. Ndb5 Qd8 18. Rfd1 Bxb5 19. Nxb5 Nc5 20. Rb1 Ncd7 21.
Nc3 h5 22. h3 Kh7 23. f4 b6 24. Bf3 Rab8 25. Nb5 a4 26. Qb4 axb3 27. e5 dxe5
28. fxe5 Ng8 29. Na7 Qc7 30. Nxc8 Rxc8 31. e6 fxe6 32. Qxb3 e5 33. Bxh5 Ngf6
34. Be2 Rb8 35. Qb4 e6 36. Qd6 Qb7 37. c5 Qe4 38. Qd3 Qxd3 39. Rxd3 e4 40. Rd6
Nd5 41. Rxd7 Nxe3 42. Rxb6 Rg8 43. Rxe6 Nc2 44. c6 Nd4 45. Rxe4 Nxc6 46. Rh4#
1-0

[Event "OPEN B - XVII MIEDZYNARODOWY FESTIWAL S"]
[Site "GOLD CHESS Open  - Rewal"]
[Date "2012.??.??"]
[Round "4.27"]
[White "Lopuszanski, Kamil"]
[Black "Krzysztofiak, Zdzislaw"]
[Result "1/2-1/2"]
[WhiteElo "1840"]
[BlackElo "1671"]
[PlyCount "55"]
[EventDate "2012.??.??"]

1. e4 e5 2. Nf3 Nc6 3. Bb5 a6 4. Ba4 Nf6 5. O-O b5 6. Bb3 d6 7. Ng5 d5 8. exd5
Nd4 9. Re1 Bd6 10. Nc3 O-O 11. d3 a5 12. a3 Nxb3 13. cxb3 Bd7 14. d4 Re8 15.
dxe5 Bxe5 16. Nf3 Bd6 17. Bg5 h6 18. Rxe8+ Bxe8 19. Bxf6 Qxf6 20. Qd4 Qxd4 21.
Nxd4 Rb8 22. Nf5 Be5 23. Nd1 Kf8 24. Rc1 Bd7 25. Nfe3 f5 26. g3 f4 27. gxf4
Bxf4 28. Rc2 1/2-1/2